LEADER 00651nam0 2200229 450 001 000003397 005 20050630115900.0 100 $a--------d1969----km-y0itay50------ba 101 $aita 102 $aIT 200 1 $a<>potere locale$eregioni, province e comuni in Italia$fAndrea Villani 210 $aMilano$cFranco Angeli$d1969 215 $a243 p.$d22 cm 225 2 $a<>società$v1 410 0$12001$a<>società 610 1 $aEnti locali$aItalia 676 $a352.045 700 1$aVillani,$bAndrea$011514 801 0$aIT $bUNIPARTHENOPE $gRICA $2UNIMARC 912 $a000003397 996 $aPotere locale$9501718 997 $aUNIPARTHENOPE